书目信息 |
| 题名: |
中国百科年鉴
|
|
| 作者: | ;中国大百科全书出版社《中国百科年鉴》编辑部 编 | |
| 分册: | ||
| 出版信息: | 北京 中国大百科全书出版社 1980 |
|
| 页数: | 702页 | |
| 开本: | 26cm | |
| 丛书名: | ||
| 单 册: | ||
| 中图分类: | Z52 | |
| 科图分类: | ||
| 主题词: | ||
| 电子资源: | ||
| ISBN: | ||
| 000 | 00713nam0 2200181 45 | |
| 001 | 0181015418 | |
| 005 | 20061125111419.60 | |
| 010 | @b精装(乙)@dCNY8.40 | |
| 100 | @a20810111d1980 km y0chiy0120 ea | |
| 101 | 0 | @achi |
| 200 | 1 | @a中国百科年鉴@Azhong guo bai ke nian jian@e1980@f中国大百科全书出版社《中国百科年鉴》编辑部编@Fzhong guo da bai ke quan shu chu ban she《zhong guo bai ke nian jian》bian ji bu bian |
| 210 | @a北京@c中国大百科全书出版社@d1980 | |
| 215 | @a702页@d26cm | |
| 517 | 1 | @a1980 |
| 690 | @aZ52@v4 | |
| 711 | 0 | @a中国大百科全书出版社《中国百科年鉴》编辑部@Azhong guo da bai ke quan shu chu ban she《zhong guo bai ke nian jian》bian ji bu@4编 |
| 801 | @aCN@bTSTC@c20061125 | |
| 905 | @dZ52@e12(1980) | |
| 中国百科年鉴:1980/中国大百科全书出版社《中国百科年鉴》编辑部编.-北京:中国大百科全书出版社,1980 |
| 702页;26cm |
| ISBN (精装(乙)):CNY8.40 |
| ● |
| 相关链接 |
|
|
|
|
正题名:中国百科年鉴
索取号:Z52/12(1980)
 
预约/预借
| 序号 | 登录号 | 条形码 | 馆藏地/架位号 | 状态 | 备注 |
| 1 | 0101906 | 202130808 | 第二样本阅览室/ [索取号:Z52/12(1980)] | 在馆 | |
| 2 | 0421921 | 204219210 | 密集书库/ [索取号:Z52/12(1980)] | 在馆 |